<The>Austrian functional export promotion
Inštitucionálna organizácia funkčnej podpory exportu v Rakúsku. Krátky popis jednotlivých oblastí funkčnej podpory exportu - informácie, konzultačné služby, prezentácia, lobing, podpora imidžu, vzdelávanie.
Gespeichert in:
| 1. Verfasser: | |
|---|---|
| Format: | Buchkapitel |
| Sprache: | Englisch |
| Schlagworte: | |
| Tags: |
Keine Tags, Fügen Sie das erste Tag hinzu!
|
MARC
| LEADER | 00000naa$a2200000$$$4500 | ||
|---|---|---|---|
| 001 | 0033999 | ||
| 005 | 20240502071442.3 | ||
| 041 | 0 | |a eng | |
| 044 | |a SK | ||
| 245 | 1 | 0 | |a <The>Austrian functional export promotion |c Marek Csabay |
| 520 | |a Inštitucionálna organizácia funkčnej podpory exportu v Rakúsku. Krátky popis jednotlivých oblastí funkčnej podpory exportu - informácie, konzultačné služby, prezentácia, lobing, podpora imidžu, vzdelávanie. | ||
| 610 | 2 | 0 | |a podpora vývozu |
| 610 | 2 | 0 | |a politika zahraničnoobchodná |
| 610 | 2 | 0 | |a Rakúsko |
| 100 | 1 | |a Csabay, Marek | |